[Event "Najdorf Memorial"]
[Site "Warsaw POL"]
[Date "2021.07.11"]
[Round "2.3"]
[White "Siwiec, Arkadiusz"]
[Black "Dragun, Kamil"]
[Result "0-1"]
[WhiteElo "2206"]
[BlackElo "2557"]
[EventDate "2021.07.10"]
[PlyCount "88"]
[LiveChessVersion "1.4.8"]

1.Nf3 {[%clk 1:30:58]} 1...d5 {[%clk 1:23:14]} 2.c4 {[%clk 1:31:24]} 2...e6
{[%clk 1:22:48]} 3.g3 {[%clk 1:31:03]} 3...d4 {[%clk 1:18:50]} 4.e3 {[%clk
1:22:27]} 4...c5 {[%clk 1:19:11]} 5.b4 {[%clk 1:21:27]} 5...dxe3 {[%clk
1:16:39]} 6.fxe3 {[%clk 1:21:44]} 6...cxb4 {[%clk 1:17:05]} 7.d4 {[%clk
1:22:02]} 7...Nf6 {[%clk 1:06:14]} 8.Bg2 {[%clk 1:22:15]} 8...Be7 {[%clk
1:06:31]} 9.O-O {[%clk 1:22:11]} 9...O-O {[%clk 1:06:56]} 10.Nbd2 {[%clk
1:11:38]} 10...Nbd7 {[%clk 1:05:43]} 11.Bb2 {[%clk 1:09:24]} 11...a5 {[%clk
1:06:03]} 12.Qe2 {[%clk 1:07:11]} 12...Ra6 {[%clk 1:06:28]} 13.Kh1 {[%clk
1:03:25]} 13...Qc7 {[%clk 0:53:17]} 14.e4 {[%clk 0:38:04]} 14...e5 {[%clk
0:49:53]} 15.Nxe5 {[%clk 0:32:59]} 15...Nxe5 {[%clk 0:41:03]} 16.dxe5 {[%clk
0:33:28]} 16...Nd7 {[%clk 0:41:18]} 17.Nf3 {[%clk 0:32:03]} 17...Nc5 {[%clk
0:37:44]} 18.Nd4 {[%clk 0:26:43]} 18...Na4 {[%clk 0:37:48]} 19.Nb5 {[%clk
0:22:44]} 19...Qc6 {[%clk 0:28:55]} 20.Bd4 {[%clk 0:23:13]} 20...Be6 {[%clk
0:26:26]} 21.Rac1 {[%clk 0:21:30]} 21...Nc3 {[%clk 0:07:27]} 22.Nxc3 {[%clk
0:20:21]} 22...bxc3 {[%clk 0:07:51]} 23.Rxc3 {[%clk 0:19:59]} 23...Bc5 {[%clk
0:07:21]} 24.Qe3 {[%clk 0:15:43]} 24...Bxd4 {[%clk 0:07:45]} 25.Qxd4 {[%clk
0:16:12]} 25...Qa4 {[%clk 0:08:07]} 26.a3 {[%clk 0:09:10]} 26...b5 {[%clk
0:06:36]} 27.Qd1 {[%clk 0:09:06]} 27...Qxd1 {[%clk 0:05:24]} 28.Rxd1 {[%clk
0:09:35]} 28...bxc4 {[%clk 0:05:43]} 29.Bf1 {[%clk 0:09:07]} 29...Rc6 {[%clk
0:05:47]} 30.Kg2 {[%clk 0:08:54]} 30...Rc5 {[%clk 0:05:44]} 31.Rdc1 {[%clk
0:02:49]} 31...Rfc8 {[%clk 0:06:03]} 32.Kf3 {[%clk 0:03:06]} 32...Rxe5 {[%clk
0:05:59]} 33.Kf4 {[%clk 0:03:22]} 33...Rb5 {[%clk 0:02:55]} 34.Ke3 {[%clk
0:03:37]} 34...g6 {[%clk 0:03:08]} 35.Kd4 {[%clk 0:03:19]} 35...Rd8+ {[%clk
0:02:59]} 36.Ke3 {[%clk 0:03:48]} 36...Rb3 {[%clk 0:03:13]} 37.Kf4 {[%clk
0:00:53]} 37...Kg7 {[%clk 0:02:59]} 38.h4 {[%clk 0:00:54]} 38...h5 {[%clk
0:02:16]} 39.Be2 {[%clk 0:01:13]} 39...Rd2 {[%clk 0:01:06]} 40.R3c2 {[%clk
0:30:46]} 40...Rxc2 {[%clk 0:30:43]} 41.Rxc2 {[%clk 0:31:16]} 41...c3 {[%clk
0:27:57]} 42.a4 {[%clk 0:27:29]} 42...Bd7 {[%clk 0:27:28]} 43.Rc1 {[%clk
0:27:44]} 43...Bxa4 {[%clk 0:26:11]} 44.Bd1 {[%clk 0:28:03]} 44...c2 {[%clk
0:26:25]} 0-1

[Event "Najdorf Memorial"]
[Site "Warsaw POL"]
[Date "2021.07.11"]
[Round "2.4"]
[White "Chatalbashev, Boris"]
[Black "Chomczyk, Marek"]
[Result "0-1"]
[WhiteElo "2530"]
[BlackElo "2194"]
[EventDate "2021.07.10"]
[PlyCount "86"]
[LiveChessVersion "1.4.8"]

1.g3 {[%clk 1:30:56]} 1...f5 {[%clk 1:30:21]} 2.Bg2 {[%clk 1:30:30]} 2...Nf6
{[%clk 1:30:45]} 3.Nf3 {[%clk 1:29:30]} 3...g6 {[%clk 1:30:32]} 4.d3 {[%clk
1:28:49]} 4...Bg7 {[%clk 1:29:26]} 5.O-O {[%clk 1:29:12]} 5...d6 {[%clk
1:28:37]} 6.Nc3 {[%clk 1:28:36]} 6...O-O {[%clk 1:25:38]} 7.e4 {[%clk 1:28:59]}
7...fxe4 {[%clk 1:22:01]} 8.dxe4 {[%clk 1:29:23]} 8...Nc6 {[%clk 1:14:56]}
9.Be3 {[%clk 1:21:52]} 9...Ng4 {[%clk 0:59:08]} 10.Bg5 {[%clk 1:14:00]} 10...h6
{[%clk 0:58:53]} 11.Bd2 {[%clk 1:14:14]} 11...Kh7 {[%clk 0:54:50]} 12.h3 {[%clk
0:58:16]} 12...Nf6 {[%clk 0:49:40]} 13.Nh4 {[%clk 0:50:02]} 13...e5 {[%clk
0:49:13]} 14.f4 {[%clk 0:45:16]} 14...exf4 {[%clk 0:48:18]} 15.gxf4 {[%clk
0:45:38]} 15...Ng8 {[%clk 0:32:37]} 16.Qe1 {[%clk 0:41:21]} 16...Bf6 {[%clk
0:32:34]} 17.Nf3 {[%clk 0:41:35]} 17...Nd4 {[%clk 0:32:19]} 18.Nxd4 {[%clk
0:37:47]} 18...Bxd4+ {[%clk 0:31:58]} 19.Kh1 {[%clk 0:38:13]} 19...Bd7 {[%clk
0:26:43]} 20.Rd1 {[%clk 0:37:11]} 20...Bc6 {[%clk 0:26:23]} 21.Bc1 {[%clk
0:35:31]} 21...Bg7 {[%clk 0:25:29]} 22.Nd5 {[%clk 0:33:21]} 22...Nf6 {[%clk
0:22:02]} 23.c4 {[%clk 0:31:11]} 23...Nh5 {[%clk 0:14:50]} 24.Rd3 {[%clk
0:23:45]} 24...b5 {[%clk 0:09:11]} 25.c5 {[%clk 0:19:10]} 25...dxc5 {[%clk
0:08:57]} 26.e5 {[%clk 0:13:40]} 26...Qc8 {[%clk 0:06:12]} 27.e6 {[%clk
0:10:29]} 27...Rf5 {[%clk 0:02:46]} 28.e7 {[%clk 0:06:14]} 28...c4 {[%clk
0:01:49]} 29.Rd2 {[%clk 0:03:50]} 29...Qb7 {[%clk 0:02:01]} 30.Ne3 {[%clk
0:03:30]} 30...Rxf4 {[%clk 0:01:59]} 31.Kg1 {[%clk 0:02:14]} 31...Bxg2 {[%clk
0:01:54]} 32.Nxg2 {[%clk 0:01:54]} 32...Qb6+ {[%clk 0:01:59]} 33.Rdf2 {[%clk
0:01:32]} 33...Rxf2 {[%clk 0:02:07]} 34.Rxf2 {[%clk 0:01:29]} 34...Re8 {[%clk
0:02:16]} 35.Be3 {[%clk 0:01:44]} 35...Qd6 {[%clk 0:01:58]} 36.Rd2 {[%clk
0:01:05]} 36...Qxe7 {[%clk 0:02:08]} 37.Qd1 {[%clk 0:01:31]} 37...Nf6 {[%clk
0:01:12]} 38.Bxa7 {[%clk 0:01:38]} 38...c5 {[%clk 0:00:54]} 39.Bb6 {[%clk
0:01:49]} 39...Ne4 {[%clk 0:00:46]} 40.Bd8 {[%clk 0:31:47]} 40...Qe5 {[%clk
0:30:35]} 41.Rd7 {[%clk 0:32:00]} 41...Qxb2 {[%clk 0:27:38]} 42.Qg4 {[%clk
0:31:01]} 42...Rxd8 {[%clk 0:25:36]} 43.Rxd8 {[%clk 0:29:31]} 43...Qf2+ {[%clk
0:25:57]} 0-1

[Event "Najdorf Memorial"]
[Site "Warsaw POL"]
[Date "2021.07.11"]
[Round "2.5"]
[White "Klepek, Witold"]
[Black "Noe, Christopher"]
[Result "0-1"]
[WhiteElo "2192"]
[BlackElo "2527"]
[EventDate "2021.07.10"]
[PlyCount "70"]
[LiveChessVersion "1.4.8"]

1.e4 {[%clk 1:30:57]} 1...e5 {[%clk 1:30:22]} 2.Nf3 {[%clk 1:31:22]} 2...Nc6
{[%clk 1:30:45]} 3.d4 {[%clk 1:31:48]} 3...exd4 {[%clk 1:30:48]} 4.Nxd4 {[%clk
1:32:14]} 4...Bc5 {[%clk 1:29:28]} 5.Be3 {[%clk 1:32:40]} 5...Qf6 {[%clk
1:29:29]} 6.c3 {[%clk 1:33:06]} 6...Nge7 {[%clk 1:28:47]} 7.g3 {[%clk 1:33:29]}
7...d5 {[%clk 1:28:15]} 8.Bg2 {[%clk 1:33:55]} 8...dxe4 {[%clk 1:27:31]} 9.Nd2
{[%clk 1:33:43]} 9...Bxd4 {[%clk 1:27:25]} 10.cxd4 {[%clk 1:33:48]} 10...Bf5
{[%clk 1:27:38]} 11.O-O {[%clk 1:23:49]} 11...O-O-O {[%clk 1:23:31]} 12.f3
{[%clk 1:13:09]} 12...Nd5 {[%clk 1:06:52]} 13.Nc4 {[%clk 1:06:05]} 13...Nxe3
{[%clk 0:57:16]} 14.Nxe3 {[%clk 1:06:30]} 14...Rxd4 {[%clk 0:57:39]} 15.Qe1
{[%clk 1:04:55]} 15...Be6 {[%clk 0:48:16]} 16.fxe4 {[%clk 1:04:48]} 16...Qe5
{[%clk 0:40:32]} 17.Nd5 {[%clk 0:56:56]} 17...Rd8 {[%clk 0:35:53]} 18.Rc1
{[%clk 0:55:43]} 18...Rd3 {[%clk 0:35:44]} 19.b4 {[%clk 0:51:21]} 19...Kb8
{[%clk 0:26:18]} 20.b5 {[%clk 0:46:33]} 20...Nd4 {[%clk 0:25:07]} 21.Nxc7
{[%clk 0:42:21]} 21...Rc8 {[%clk 0:24:55]} 22.Na6+ {[%clk 0:38:58]} 22...bxa6
{[%clk 0:24:54]} 23.bxa6 {[%clk 0:38:46]} 23...Rxc1 24.Qb4+ {[%clk 0:39:05]}
24...Nb5 {[%clk 0:19:49]} 25.Rxc1 {[%clk 0:39:11]} 25...Qd4+ {[%clk 0:20:14]}
26.Qxd4 {[%clk 0:39:37]} 26...Nxd4 {[%clk 0:20:38]} 27.Rb1+ {[%clk 0:39:57]}
27...Kc8 {[%clk 0:20:45]} 28.Rb7 {[%clk 0:40:13]} 28...Rd1+ {[%clk 0:19:49]}
29.Kf2 {[%clk 0:40:39]} 29...Rd2+ {[%clk 0:20:14]} 30.Kg1 {[%clk 0:41:05]}
30...Ne2+ {[%clk 0:16:12]} 31.Kf1 {[%clk 0:41:28]} 31...Nc3 {[%clk 0:14:16]}
32.Rxa7 {[%clk 0:41:10]} 32...Rxa2 {[%clk 0:13:40]} 33.Ra8+ {[%clk 0:40:31]}
33...Kc7 {[%clk 0:13:59]} 34.a7 {[%clk 0:40:45]} 34...Bc4+ {[%clk 0:12:52]}
35.Ke1 {[%clk 0:38:40]} 35...Re2+ {[%clk 0:13:15]} 0-1

[Event "Najdorf Memorial"]
[Site "Warsaw POL"]
[Date "2021.07.11"]
[Round "2.6"]
[White "Rozentalis, Eduardas"]
[Black "Sowul, Bartosz"]
[Result "1-0"]
[WhiteElo "2526"]
[BlackElo "2186"]
[EventDate "2021.07.10"]
[PlyCount "133"]
[LiveChessVersion "1.4.8"]

1.e4 {[%clk 1:30:57]} 1...c5 {[%clk 1:30:55]} 2.Nf3 {[%clk 1:31:12]} 2...g6
{[%clk 1:31:19]} 3.Bc4 {[%clk 1:31:08]} 3...Nc6 {[%clk 1:28:33]} 4.c3 {[%clk
1:28:06]} 4...Bg7 {[%clk 1:23:31]} 5.O-O {[%clk 1:27:21]} 5...e6 {[%clk
1:20:23]} 6.d4 {[%clk 1:26:45]} 6...cxd4 {[%clk 1:14:44]} 7.Nxd4 {[%clk
1:26:46]} 7...a6 {[%clk 1:09:54]} 8.Re1 {[%clk 1:22:30]} 8...Qc7 {[%clk
1:02:59]} 9.Nxc6 {[%clk 1:19:08]} 9...bxc6 {[%clk 0:59:12]} 10.Na3 {[%clk
1:12:13]} 10...Ne7 {[%clk 0:55:38]} 11.Bg5 {[%clk 1:11:53]} 11...f6 {[%clk
0:48:59]} 12.Bh4 {[%clk 1:11:21]} 12...d5 {[%clk 0:47:00]} 13.Bb3 {[%clk
1:09:36]} 13...O-O {[%clk 0:46:13]} 14.Bg3 {[%clk 1:05:54]} 14...Qd7 {[%clk
0:44:24]} 15.exd5 {[%clk 0:59:06]} 15...cxd5 {[%clk 0:42:31]} 16.c4 {[%clk
0:58:52]} 16...Rd8 {[%clk 0:34:29]} 17.cxd5 {[%clk 0:52:58]} 17...exd5 {[%clk
0:30:59]} 18.Rc1 {[%clk 0:45:47]} 18...Ra7 {[%clk 0:30:42]} 19.Ba4 {[%clk
0:41:15]} 19...Qb7 {[%clk 0:27:51]} 20.Nc4 {[%clk 0:38:11]} 20...a5 {[%clk
0:22:49]} 21.Bb3 {[%clk 0:31:18]} 21...Qa6 {[%clk 0:12:15]} 22.a4 {[%clk
0:25:35]} 22...Be6 {[%clk 0:09:54]} 23.Nxa5 {[%clk 0:23:05]} 23...Kf7 {[%clk
0:01:27]} 24.Rc5 {[%clk 0:21:47]} 24...Rc8 {[%clk 0:01:48]} 25.Rb5 {[%clk
0:21:43]} 25...Rd7 {[%clk 0:01:37]} 26.h3 {[%clk 0:16:28]} 26...Bh6 {[%clk
0:00:39]} 27.Qe2 {[%clk 0:13:20]} 27...Nf5 {[%clk 0:00:41]} 28.Rxd5 {[%clk
0:13:17]} 28...Qxe2 {[%clk 0:00:40]} 29.Rxd7+ {[%clk 0:13:44]} 29...Kf8 {[%clk
0:00:55]} 30.Rxe2 {[%clk 0:13:35]} 30...Bxd7 {[%clk 0:01:16]} 31.Nb7 {[%clk
0:10:50]} 31...Rc1+ {[%clk 0:00:50]} 32.Kh2 {[%clk 0:11:16]} 32...Nxg3 {[%clk
0:00:33]} 33.fxg3 {[%clk 0:11:02]} 33...Ra1 {[%clk 0:00:31]} 34.Nc5 {[%clk
0:11:18]} 34...Bf5 {[%clk 0:00:50]} 35.Be6 {[%clk 0:10:33]} 35...Bxe6 {[%clk
0:00:34]} 36.Nxe6+ {[%clk 0:10:14]} 36...Kf7 {[%clk 0:00:31]} 37.b3 {[%clk
0:08:42]} 37...Rb1 {[%clk 0:00:36]} 38.Nd4 {[%clk 0:04:41]} 38...Bf8 {[%clk
0:00:35]} 39.g4 {[%clk 0:02:39]} 39...Bc5 {[%clk 0:00:32]} 40.Rd2 {[%clk
0:32:57]} 40...Bxd4 {[%clk 0:30:32]} 41.Rxd4 {[%clk 0:33:23]} 41...Rxb3 {[%clk
0:30:54]} 42.Rd7+ {[%clk 0:33:47]} 42...Kg8 {[%clk 0:25:12]} 43.a5 {[%clk
0:32:27]} 43...Ra3 {[%clk 0:22:31]} 44.Ra7 {[%clk 0:32:45]} 44...h5 {[%clk
0:10:17]} 45.gxh5 {[%clk 0:31:20]} 45...gxh5 {[%clk 0:10:45]} 46.h4 {[%clk
0:29:54]} 46...f5 {[%clk 0:08:55]} 47.g3 {[%clk 0:27:37]} 47...Ra2+ {[%clk
0:02:15]} 48.Kg1 {[%clk 0:27:39]} 48...Kh8 {[%clk 0:00:42]} 49.a6 {[%clk
0:27:08]} 49...Ra4 {[%clk 0:00:32]} 50.Kg2 {[%clk 0:27:05]} 50...Kg8 {[%clk
0:00:35]} 51.Kf3 {[%clk 0:27:20]} 51...Kh8 {[%clk 0:00:37]} 52.Ke3 {[%clk
0:27:02]} 52...Kg8 {[%clk 0:01:03]} 53.Kd3 {[%clk 0:27:21]} 53...Kf8 {[%clk
0:01:07]} 54.Kc3 {[%clk 0:27:33]} 54...Kg8 {[%clk 0:01:12]} 55.Kb3 {[%clk
0:27:46]} 55...Ra1 {[%clk 0:01:30]} 56.Kc4 {[%clk 0:27:27]} 56...Ra5 {[%clk
0:01:37]} 57.Kb4 {[%clk 0:27:44]} 57...Ra1 {[%clk 0:02:01]} 58.Kb5 {[%clk
0:27:38]} 58...Rb1+ {[%clk 0:01:55]} 59.Kc5 {[%clk 0:27:48]} 59...Ra1 {[%clk
0:01:54]} 60.Kd5 {[%clk 0:28:03]} 60...Ra5+ {[%clk 0:00:35]} 61.Ke6 {[%clk
0:28:20]} 61...Kh8 {[%clk 0:00:38]} 62.Kf6 {[%clk 0:28:12]} 62...Kg8 {[%clk
0:00:54]} 63.Kg6 {[%clk 0:28:22]} 63...Kf8 {[%clk 0:00:47]} 64.Rf7+ {[%clk
0:27:25]} 64...Kg8 {[%clk 0:00:57]} 65.Rg7+ {[%clk 0:27:48]} 65...Kf8 {[%clk
0:01:16]} 66.a7 {[%clk 0:27:52]} 66...Ra6+ {[%clk 0:01:02]} 67.Kh7 {[%clk
0:28:15]} 1-0

[Event "Najdorf Memorial"]
[Site "Warsaw POL"]
[Date "2021.07.11"]
[Round "2.7"]
[White "Dzhuguryan, Tygran"]
[Black "Gumularz, Szymon"]
[Result "0-1"]
[WhiteElo "2176"]
[BlackElo "2515"]
[EventDate "2021.07.10"]
[PlyCount "84"]
[LiveChessVersion "1.4.8"]

1.d4 {[%clk 1:30:57]} 1...d6 {[%clk 1:30:55]} 2.Nf3 {[%clk 1:30:06]} 2...Nf6
{[%clk 1:31:01]} 3.c4 {[%clk 1:30:21]} 3...g6 {[%clk 1:31:27]} 4.Nc3 {[%clk
1:30:47]} 4...Bf5 {[%clk 1:31:51]} 5.Nh4 {[%clk 1:18:20]} 5...Bd7 {[%clk
1:32:14]} 6.e4 {[%clk 1:18:48]} 6...e5 {[%clk 1:32:35]} 7.Nf3 {[%clk 1:18:45]}
7...Bg7 {[%clk 1:32:32]} 8.d5 {[%clk 1:13:20]} 8...a5 {[%clk 1:30:23]} 9.Be2
{[%clk 1:11:55]} 9...Na6 {[%clk 1:30:27]} 10.O-O {[%clk 1:12:21]} 10...Nc5
{[%clk 1:30:17]} 11.Qc2 {[%clk 1:10:38]} 11...O-O {[%clk 1:30:40]} 12.Be3
{[%clk 1:01:03]} 12...Ng4 {[%clk 1:30:19]} 13.Bg5 {[%clk 1:01:18]} 13...f6
{[%clk 1:29:45]} 14.Bc1 {[%clk 1:00:38]} 14...f5 {[%clk 1:26:07]} 15.Ng5 {[%clk
0:55:12]} 15...Nf6 {[%clk 1:13:45]} 16.Be3 {[%clk 0:51:54]} 16...Qe7 {[%clk
0:52:37]} 17.exf5 {[%clk 0:42:14]} 17...gxf5 {[%clk 0:45:01]} 18.Rae1 {[%clk
0:33:04]} 18...b6 {[%clk 0:37:36]} 19.f3 {[%clk 0:28:43]} 19...Rae8 {[%clk
0:35:01]} 20.Kh1 {[%clk 0:25:36]} 20...h6 {[%clk 0:33:24]} 21.Nh3 {[%clk
0:26:00]} 21...Qf7 {[%clk 0:33:38]} 22.a3 {[%clk 0:24:59]} 22...a4 {[%clk
0:26:49]} 23.Bxc5 {[%clk 0:24:26]} 23...dxc5 {[%clk 0:24:31]} 24.Bd3 {[%clk
0:24:35]} 24...Qh5 {[%clk 0:22:53]} 25.Nf2 {[%clk 0:24:32]} 25...Kh8 {[%clk
0:14:51]} 26.Nxa4 {[%clk 0:24:19]} 26...e4 {[%clk 0:13:41]} 27.fxe4 {[%clk
0:24:28]} 27...fxe4 {[%clk 0:11:44]} 28.Be2 {[%clk 0:22:32]} 28...Qh4 {[%clk
0:11:55]} 29.g3 {[%clk 0:21:05]} 29...Qg5 {[%clk 0:11:54]} 30.Nc3 {[%clk
0:21:17]} 30...e3 {[%clk 0:09:59]} 31.Nfe4 {[%clk 0:20:30]} 31...Nxe4 {[%clk
0:08:46]} 32.Nxe4 {[%clk 0:20:58]} 32...Qe5 {[%clk 0:06:38]} 33.Nc3 {[%clk
0:18:59]} 33...Rf2 {[%clk 0:05:38]} 34.Rxf2 {[%clk 0:11:31]} 34...exf2 {[%clk
0:06:04]} 35.Rf1 {[%clk 0:11:35]} 35...Bf5 {[%clk 0:06:23]} 36.Bd3 {[%clk
0:11:34]} 36...Bh3 {[%clk 0:06:46]} 37.Qxf2 {[%clk 0:09:27]} 37...Rf8 {[%clk
0:07:02]} 38.Qg1 {[%clk 0:09:55]} 38...Bxf1 {[%clk 0:06:33]} 39.Bxf1 {[%clk
0:10:23]} 39...Qe1 {[%clk 0:06:20]} 40.Bd3 {[%clk 0:39:34]} 40...Qd2 {[%clk
0:35:54]} 41.Bf1 {[%clk 0:35:54]} 41...Bd4 {[%clk 0:36:15]} 42.Qg2 {[%clk
0:36:22]} 42...Qe1 {[%clk 0:36:40]} 0-1

[Event "Najdorf Memorial"]
[Site "Warsaw POL"]
[Date "2021.07.11"]
[Round "2.8"]
[White "Czernek, Tymon"]
[Black "Kjartansson, Gudmundur"]
[Result "1/2-1/2"]
[WhiteElo "2171"]
[BlackElo "2496"]
[EventDate "2021.07.10"]
[PlyCount "117"]
[LiveChessVersion "1.4.8"]

1.e4 {[%clk 1:30:54]} 1...c5 {[%clk 1:30:44]} 2.Ne2 {[%clk 1:31:20]} 2...d6
{[%clk 1:28:58]} 3.g3 {[%clk 1:31:19]} 3...d5 {[%clk 1:25:46]} 4.Bg2 {[%clk
1:25:41]} 4...dxe4 {[%clk 1:25:41]} 5.Bxe4 {[%clk 1:26:05]} 5...Nf6 {[%clk
1:25:27]} 6.Bg2 {[%clk 1:26:30]} 6...h5 {[%clk 1:23:02]} 7.h3 {[%clk 1:26:07]}
7...Nc6 {[%clk 1:22:45]} 8.d3 {[%clk 1:22:14]} 8...e5 {[%clk 1:15:39]} 9.Bg5
{[%clk 1:20:16]} 9...Be6 {[%clk 1:14:35]} 10.Nbc3 {[%clk 1:18:32]} 10...Qd7
{[%clk 1:13:47]} 11.Qd2 {[%clk 1:13:38]} 11...Nd5 {[%clk 1:13:57]} 12.O-O-O
{[%clk 1:00:34]} 12...f6 {[%clk 1:08:46]} 13.Nxd5 {[%clk 0:57:33]} 13...Bxd5
{[%clk 1:09:02]} 14.Bxd5 {[%clk 0:57:59]} 14...Qxd5 {[%clk 1:09:10]} 15.Nc3
{[%clk 0:58:26]} 15...Qf3 {[%clk 1:02:58]} 16.Be3 {[%clk 0:57:57]} 16...O-O-O
{[%clk 1:01:04]} 17.Qe2 {[%clk 0:54:04]} 17...Qxe2 {[%clk 0:55:30]} 18.Nxe2
{[%clk 0:54:07]} 18...Nd4 {[%clk 0:51:03]} 19.Bxd4 {[%clk 0:54:12]} 19...cxd4
{[%clk 0:51:15]} 20.g4 {[%clk 0:50:29]} 20...h4 {[%clk 0:47:02]} 21.f4 {[%clk
0:44:27]} 21...Bd6 {[%clk 0:41:31]} 22.f5 {[%clk 0:41:40]} 22...Rhe8 {[%clk
0:40:42]} 23.Ng1 {[%clk 0:40:51]} 23...e4 {[%clk 0:40:36]} 24.dxe4 {[%clk
0:41:11]} 24...Re6 25.e5 Rxe5 {[%clk 0:40:57]} 26.Nf3 {[%clk 0:41:39]} 26...Re4
{[%clk 0:39:59]} 27.Rd3 {[%clk 0:40:38]} 27...Bg3 {[%clk 0:27:53]} 28.Re1 Bf2
29.Red1 {[%clk 0:39:21]} 29...Rf4 {[%clk 0:28:12]} 30.Kb1 {[%clk 0:38:10]}
30...Re8 {[%clk 0:28:26]} 31.c3 {[%clk 0:37:51]} 31...dxc3 {[%clk 0:20:43]}
32.Rxc3+ {[%clk 0:38:19]} 32...Kb8 {[%clk 0:21:06]} 33.a3 {[%clk 0:33:27]}
33...a5 {[%clk 0:21:16]} 34.Rd7 {[%clk 0:33:02]} 34...a4 {[%clk 0:21:00]}
35.Nd2 {[%clk 0:29:35]} 35...Re2 {[%clk 0:18:13]} 36.Rd8+ {[%clk 0:26:25]}
36...Ka7 {[%clk 0:18:39]} 37.Rcc8 {[%clk 0:25:51]} 37...Rd4 {[%clk 0:10:17]}
38.Rxd4 {[%clk 0:17:24]} 38...Bxd4 {[%clk 0:10:43]} 39.Rc2 {[%clk 0:17:45]}
39...Re1+ {[%clk 0:05:33]} 40.Ka2 {[%clk 0:18:02]} 40...Re2 {[%clk 0:02:52]}
41.Kb1 {[%clk 0:18:31]} 41...Re1+ {[%clk 0:03:12]} 42.Ka2 {[%clk 0:48:56]}
42...Rh1 {[%clk 0:31:24]} 43.Nf3 {[%clk 0:47:55]} 43...Be3 {[%clk 0:26:21]}
44.Nxh4 {[%clk 0:47:08]} 44...Rxh3 {[%clk 0:26:22]} 45.Ng6 {[%clk 0:47:20]}
45...Bh6 {[%clk 0:23:46]} 46.Rc4 {[%clk 0:45:56]} 46...b5 {[%clk 0:23:38]}
47.Rb4 {[%clk 0:46:23]} 47...Kb6 {[%clk 0:22:47]} 48.Nf4 {[%clk 0:45:22]}
48...Rh2 {[%clk 0:13:00]} 49.Kb1 {[%clk 0:44:29]} 49...Rd2 {[%clk 0:11:08]}
50.Ne6 {[%clk 0:42:22]} 50...Rd1+ {[%clk 0:08:45]} 51.Kc2 {[%clk 0:42:32]}
51...Rd2+ {[%clk 0:09:05]} 52.Kb1 {[%clk 0:42:52]} 52...Rd5 {[%clk 0:05:56]}
53.Kc2 {[%clk 0:41:45]} 53...Rd2+ {[%clk 0:04:04]} 54.Kb1 {[%clk 0:42:07]}
54...Rg2 {[%clk 0:02:19]} 55.Rd4 {[%clk 0:41:36]} 55...Rg1+ {[%clk 0:01:38]}
56.Kc2 {[%clk 0:40:35]} 56...Rg2+ {[%clk 0:01:42]} 57.Kb1 {[%clk 0:40:59]}
57...Kc6 {[%clk 0:01:21]} 58.Nd8+ {[%clk 0:41:14]} 58...Kb6 {[%clk 0:01:44]}
59.Ne6 {[%clk 0:40:24]} 1/2-1/2

[Event "Najdorf Memorial"]
[Site "Warsaw POL"]
[Date "2021.07.11"]
[Round "2.9"]
[White "Jarmula, Lukasz"]
[Black "Kacprzak, Karol"]
[Result "1/2-1/2"]
[WhiteElo "2457"]
[BlackElo "2151"]
[EventDate "2021.07.10"]
[PlyCount "132"]
[LiveChessVersion "1.4.8"]

1.e4 {[%clk 1:26:06]} 1...c5 {[%clk 1:30:53]} 2.Nf3 {[%clk 1:26:16]} 2...d6
{[%clk 1:31:13]} 3.Bb5+ {[%clk 1:26:29]} 3...Bd7 {[%clk 1:31:35]} 4.c4 {[%clk
1:26:54]} 4...Nf6 {[%clk 1:26:45]} 5.Nc3 {[%clk 1:26:24]} 5...Nc6 {[%clk
1:25:09]} 6.O-O {[%clk 1:22:28]} 6...g6 {[%clk 1:22:41]} 7.Bxc6 {[%clk 1:19:24]}
7...Bxc6 {[%clk 1:16:03]} 8.d4 {[%clk 1:17:39]} 8...Nxe4 {[%clk 0:53:16]}
9.Nxe4 {[%clk 1:16:33]} 9...Bxe4 {[%clk 0:53:41]} 10.Re1 {[%clk 1:16:26]}
10...Bf5 {[%clk 0:46:52]} 11.Bg5 {[%clk 1:13:38]} 11...Qc7 {[%clk 0:39:13]}
12.dxc5 {[%clk 0:56:49]} 12...dxc5 {[%clk 0:33:01]} 13.Ne5 {[%clk 0:54:32]}
13...Bg7 {[%clk 0:21:06]} 14.Qa4+ {[%clk 0:49:25]} 14...Kf8 {[%clk 0:21:13]}
15.Bf4 {[%clk 0:48:17]} 15...Qc8 {[%clk 0:19:01]} 16.Rad1 {[%clk 0:41:57]}
16...f6 {[%clk 0:14:35]} 17.Nd3 {[%clk 0:37:59]} 17...Kf7 {[%clk 0:14:03]}
18.Be3 {[%clk 0:35:20]} 18...b6 {[%clk 0:12:47]} 19.b4 {[%clk 0:33:38]}
19...Rd8 {[%clk 0:11:30]} 20.Nf4 {[%clk 0:33:17]} 20...cxb4 {[%clk 0:10:12]}
21.Qxb4 {[%clk 0:31:32]} 21...Bf8 {[%clk 0:09:08]} 22.Rxd8 {[%clk 0:28:33]}
22...Qxd8 {[%clk 0:09:33]} 23.Qb3 {[%clk 0:28:37]} 23...Kg7 {[%clk 0:09:05]}
24.h3 {[%clk 0:25:37]} 24...h5 {[%clk 0:08:30]} 25.f3 {[%clk 0:20:27]} 25...h4
{[%clk 0:06:58]} 26.Rd1 {[%clk 0:16:30]} 26...Qc7 {[%clk 0:06:45]} 27.Nd5
{[%clk 0:16:22]} 27...Qc6 {[%clk 0:06:50]} 28.Bf2 {[%clk 0:15:55]} 28...Rc8
{[%clk 0:05:42]} 29.Ne3 {[%clk 0:12:47]} 29...Be6 {[%clk 0:06:03]} 30.Qa3
{[%clk 0:11:55]} 30...Rc7 {[%clk 0:04:47]} 31.Rc1 {[%clk 0:06:20]} 31...g5
{[%clk 0:03:59]} 32.Qb2 {[%clk 0:06:35]} 32...Kg8 {[%clk 0:03:54]} 33.Qb1
{[%clk 0:06:17]} 33...Bg7 {[%clk 0:03:10]} 34.Qg6 {[%clk 0:04:58]} 34...Bf7
{[%clk 0:03:27]} 35.Qb1 {[%clk 0:05:06]} 35...Be6 {[%clk 0:03:44]} 36.Qg6
{[%clk 0:05:17]} 36...Bf7 {[%clk 0:04:08]} 37.Qb1 {[%clk 0:05:28]} 37...e6
{[%clk 0:02:14]} 38.Rd1 {[%clk 0:05:13]} 38...Rd7 {[%clk 0:02:31]} 39.Rc1
{[%clk 0:05:35]} 39...Rc7 {[%clk 0:01:51]} 40.Rd1 {[%clk 0:35:03]} 40...Rd7
{[%clk 0:31:45]} 41.Rc1 {[%clk 0:34:53]} 41...f5 {[%clk 0:27:35]} 42.c5 {[%clk
0:34:17]} 42...bxc5 {[%clk 0:21:27]} 43.Nc4 {[%clk 0:34:21]} 43...Qd5 {[%clk
0:16:57]} 44.Kh1 {[%clk 0:31:21]} 44...Kh7 {[%clk 0:12:48]} 45.Qb8 {[%clk
0:24:49]} 45...Rb7 {[%clk 0:09:46]} 46.Qc8 {[%clk 0:24:13]} 46...Rb4 {[%clk
0:06:41]} 47.Qxc5 {[%clk 0:20:55]} 47...Qxc5 {[%clk 0:06:35]} 48.Bxc5 {[%clk
0:21:18]} 48...Ra4 {[%clk 0:06:17]} 49.a3 {[%clk 0:21:05]} 49...e5 {[%clk
0:04:36]} 50.Nd6 {[%clk 0:21:14]} 50...Be6 {[%clk 0:04:56]} 51.Ne8 {[%clk
0:17:10]} 51...Bh8 {[%clk 0:04:34]} 52.Bb4 {[%clk 0:16:35]} 52...Bd5 {[%clk
0:02:19]} 53.Nc7 {[%clk 0:13:30]} 53...Bf7 {[%clk 0:02:12]} 54.Nb5 {[%clk
0:13:11]} 54...Be8 {[%clk 0:01:03]} 55.Rc7+ {[%clk 0:12:36]} 55...Kh6 {[%clk
0:00:53]} 56.Nxa7 {[%clk 0:12:01]} 56...Ra6 {[%clk 0:00:55]} 57.Nc8 {[%clk
0:11:02]} 57...Bf6 {[%clk 0:00:50]} 58.Ne7 {[%clk 0:08:14]} 58...Bxe7 {[%clk
0:00:33]} 59.Rxe7 {[%clk 0:08:29]} 59...Ba4 {[%clk 0:00:40]} 60.Rxe5 {[%clk
0:08:42]} 60...Kg6 {[%clk 0:01:03]} 61.Kg1 {[%clk 0:07:12]} 61...Bb3 {[%clk
0:00:46]} 62.Kf2 {[%clk 0:07:22]} 62...Rc6 {[%clk 0:01:06]} 63.Rc5 {[%clk
0:05:00]} 63...Rxc5 {[%clk 0:00:45]} 64.Bxc5 {[%clk 0:05:24]} 64...f4 {[%clk
0:00:46]} 65.Ke1 {[%clk 0:04:51]} 65...Ba4 {[%clk 0:01:08]} 66.Be7 {[%clk
0:03:50]} 66...Bb5 {[%clk 0:01:19]} 1/2-1/2